Elements Of Workshop Technology (Record no. 320463)
[ view plain ]
| 000 -LEADER | |
|---|---|
| fixed length control field | 00456nam a2200157Ia 4500 |
| 008 - FIXED-LENGTH DATA ELEMENTS--GENERAL INFORMATION | |
| fixed length control field | 230718s9999 xx 000 0 und d |
| 041 ## - LANGUAGE CODE | |
| Language code of text/sound track or separate title | eng |
| 082 ## - DEWEY DECIMAL CLASSIFICATION NUMBER | |
| Classification number | 621.7 |
| Item number | CHO |
| 100 ## - MAIN ENTRY--PERSONAL NAME | |
| Personal name | Choudhury S.K.H. |
| 245 ## - TITLE STATEMENT | |
| Title | Elements Of Workshop Technology |
| Remainder of title | Vol.II: Machine Tools |
| 260 ## - PUBLICATION, DISTRIBUTION, ETC. (IMPRINT) | |
| Date of publication, distribution, etc. | 2008 |
| Name of publisher, distributor, etc. | Media Promoters & Publishers |
| 300 ## - PHYSICAL DESCRIPTION | |
| Extent | 700 |
| 365 ## - TRADE PRICE | |
| Currency code | Rs. |
| Price amount | 200.00 |
| 700 ## - ADDED ENTRY--PERSONAL NAME | |
| Personal name | Choudhury S.K.H. & Choudhury A.K.H. |
| 906 ## - LOCAL DATA ELEMENT F, LDF (RLIN) | |
| d | B:694111-Dec-2008 |
| c | SS |
| b | 170 |
| Withdrawn status | Lost status | Damaged status | Not for loan | Home library | Current library | Date acquired | Vendor | Budget Code | Cost, normal purchase price | Bill number | Total Checkouts | Full call number | Barcode | Date last seen | Discount | Cost, replacement price | Bill Date | Koha item type | Original Barcode |
|---|---|---|---|---|---|---|---|---|---|---|---|---|---|---|---|---|---|---|---|
| Cummins College of Engineering for Women Pune | Cummins College of Engineering for Women Pune | 26/02/2009 | Tbs | SS | 166.00 | 6941 | 621.7 | CCEP-BK-31670 | 18/07/2023 | 170 | 200.00 | 11/12/2008 | Books | 031670 |